Fundamentals of optical engineering (Record no. 944)

MARC details
000 -LEADER
fixed length control field 00514nam a2200181Ia 4500
003 - CONTROL NUMBER IDENTIFIER
control field IN-BaIIA
008 - FIXED-LENGTH DATA ELEMENTS--GENERAL INFORMATION
fixed length control field 211028s9999 xx 000 0 eng d
040 ## - CATALOGING SOURCE
Transcribing agency IIA Library
080 ## - UNIVERSAL DECIMAL CLASSIFICATION NUMBER
Universal Decimal Classification number 535
Item number JAC
100 ## - MAIN ENTRY--PERSONAL NAME
Personal name Jacobs, Donald H.
9 (RLIN) 2037
245 #0 - TITLE STATEMENT
Title Fundamentals of optical engineering
Statement of responsibility, etc. Donald H. Jacobs
250 ## - EDITION STATEMENT
Edition statement 1st ed.
260 ## - PUBLICATION, DISTRIBUTION, ETC.
Place of publication, distribution, etc. New York
Name of publisher, distributor, etc. McGraw-Hill
Date of publication, distribution, etc. 1943
300 ## - PHYSICAL DESCRIPTION
Extent x, 487p.
650 ## - SUBJECT ADDED ENTRY--TOPICAL TERM
Topical term or geographic name entry element Optical Engineering
9 (RLIN) 2038
650 ## - SUBJECT ADDED ENTRY--TOPICAL TERM
Topical term or geographic name entry element Optics
9 (RLIN) 2039
942 ## - ADDED ENTRY ELEMENTS (KOHA)
Koha item type Books
Holdings
Withdrawn status Lost status Damaged status Not for loan Home library Current library Shelving location Date acquired Total Checkouts Full call number Barcode Date last seen Price effective from Koha item type
        IIA Library-Bangalore IIA Library-Kodaikanal General Stacks     535/ JAC 977 05/11/2021   Books

Powered by Koha